00957nam a2200241 i 450000100060000000300090000600500170001500700030003200800410003510000280007624501450010425000150024926000880026430000330035249000240038570000250040970000330043470000410046783000320050885200320054099900170057295201260058965428ES-MaACL20230906165351.0t|040113s1959 sp ||||1| spa d1 aFreuchen, Peter.95254213aEl libro de los siete mares / cPeter Freuchen y David Lotti ; [versión española de R. Ballester Escalas y Julio Fernández Yáñez]. a[1ª ed.]. aBarcelona : bLuis de Caralt, c[1959] (fCasa Provincial de Caridad, Imp. Escuela) a480 p., 32 lám. ; c22 cm.1 aCultura histórica1 aLotti, David.9743041 aBallester Escalas, R.9250141 aFernández-Yáñez, Julio.9501950 aCultura histórica9182395 aES-MaACLjC-16464 bR.44210 c65428d65428 00104070aATENEOMbATENEOMcGaleríad2008-01-17eSCl0oC-16464p1068550r2023-02-23 00:00:00w2023-02-23yMONOGRAFIA